RECENT TRENDS IN TRANSCTIONAL MODE OF TEACHER EDUCATION:ICT (Record no. 11681)

MARC details
000 -LEADER
fixed length control field 00311nam a22001337a 4500
003 - CONTROL NUMBER IDENTIFIER
control field SGT
082 ## - DEWEY DECIMAL CLASSIFICATION NUMBER
Classification number 370
Item number R14T
100 ## - MAIN ENTRY--PERSONAL NAME
Personal name TYAGI, POOJA
245 ## - TITLE STATEMENT
Title RECENT TRENDS IN TRANSCTIONAL MODE OF TEACHER EDUCATION:ICT
260 ## - PUBLICATION, DISTRIBUTION, ETC. (IMPRINT)
Place of publication, distribution, etc NEW DELHI
Name of publisher, distributor, etc OMEGA
Year of Publication 2014
300 ## - PAGE DESCRIPTION
No. of Pages 136
650 ## - SUBJECT ADDED ENTRY--TOPICAL TERM
Topical term or geographic name as entry element EDUCATION
942 ## - ADDED ENTRY ELEMENTS (KOHA)
Source of classification or shelving scheme Dewey Decimal Classification
Koha item type Books
Holdings
Withdrawn status Lost status Source of classification or shelving scheme Damaged status Use restrictions Not for loan Collection code Home library Current library Shelving location Date acquired Vendor Name Cost, normal purchase price SGTU Bill Number Full call number Accession No. (Barcode) Date last seen Bill Date Koha item type
    Dewey Decimal Classification   Restricted Access   EDUCATION SGT Engineering Library SGT Engineering Library Reference Book 07/06/2017 ABC PUB 160.00 SGTU 544 370 R14T ED76 07/06/2017 06/02/2016 Books
    Dewey Decimal Classification       EDUCATION SGT Engineering Library SGT Engineering Library Text Book 07/06/2017 ABC PUB 160.00 SGTU 544 370 R14T ED77 07/06/2017 06/02/2016 Books
    Dewey Decimal Classification       EDUCATION SGT Engineering Library SGT Engineering Library Text Book 07/06/2017 ABC PUB 160.00 SGTU 544 370 R14T ED78 07/06/2017 06/02/2016 Books
    Dewey Decimal Classification       EDUCATION SGT Engineering Library SGT Engineering Library Text Book 07/06/2017 ABC PUB 160.00 SGTU 544 370 R14T ED79 07/06/2017 06/02/2016 Books
    Dewey Decimal Classification       EDUCATION SGT Engineering Library SGT Engineering Library Text Book 07/06/2017 ABC PUB 160.00 SGTU 544 370 R14T ED80 07/06/2017 06/02/2016 Books